Villes d'Occitanie - Mort subite - Niveau moyen - Statistiques

Statistiques générales
  • Ce quiz a été pris 402 fois
  • Le résultat moyen est 8 sur 20
Answers on the Grid
Answers color-coded by a green-red scale on the quiz's grid according to % correct below.
Juvignac
Gaillac
Rocamadour
Gourdon
Argelès-Gazost
Uzès
Cugnaux
Condom
Moissac
Pamiers
Saint-Girons
Céret
Castelnaudary
Lunel
Beaucaire
Colomiers
Saint-Gély-du-Fesc
Cerbère
Limoux
Saint-Affrique
Issoire
Cavaillon
Ussel
Montélimar
Saint-Flour
Sarlat-la-Canéda
Nérac
Saintes-Maries-de-la-Mer
Oloron-Sainte-Marie
Dax
 
Statistiques - réponses
Réponse % Correct
Castelnaudary
60%
Colomiers
52%
Pamiers
52%
Saint-Affrique
49%
Gaillac
48%
Lunel
48%
Rocamadour
45%
Argelès-Gazost
40%
Condom
40%
Limoux
40%
Moissac
40%
Saint-Girons
40%
Uzès
40%
Céret
35%
Cugnaux
35%
Cerbère
32%
Beaucaire
27%
Gourdon
27%
Juvignac
24%
Saint-Gély-du-Fesc
24%
Aucun quiz correspondant
Distribution des résultats
% des personnes avec chaque résultat
Percentile par nombre de réponses
Votre historique - résultats
Vous n’avez pas pris ce quiz